The Hajj: Pilgrimage in Islam (Record no. 20848)

MARC details
000 -LEADER
fixed length control field 00345nam a22001337a 4500
020 ## - INTERNATIONAL STANDARD BOOK NUMBER
ISBN 978-1-108-40378-8
082 ## - DEWEY DECIMAL CLASSIFICATION NUMBER
Classification number 297.55 TAG
100 ## - MAIN ENTRY--AUTHOR NAME
Author name Tagliacozzo, Eric and Toorawa, Shawkat M. (ed)
245 ## - TITLE STATEMENT
Title The Hajj: Pilgrimage in Islam
260 ## - PUBLICATION, DISTRIBUTION, ETC. (IMPRINT)
Place of publication New Delhi
Name of publisher Cambridge University Press
Year of publication 2016
300 ## - PHYSICAL DESCRIPTION
Number of Pages 343
650 ## - SUBJECT ADDED ENTRY--TOPICAL TERM
Topical Term Hajj
942 ## - ADDED ENTRY ELEMENTS (KOHA)
Koha item type Books
Holdings
Home library Current library Shelving location Date acquired Source of acquisition Cost, normal purchase price Full call number Accession Number Koha item type
Henry Martyn Institute Library Henry Martyn Institute Library General stacks 12/06/2017 Kohinoor Book Distributors 595.00 297.55 TAG 25481 Books
                   Copyright © 2026 | Henry Martyn Institute | Hyderabad | TS-500052 | INDIA | Implemented by hmi.edu.in
Hit-Count:

Powered by Koha